000 02319cam a22005174i 4500
003 PE-LiUPU
005 20250731173351.0
008 150706s2008 ag a rb 000 0 spa d
020 _a9789871378067
035 _a(Sirsi) i9789871378067
040 _aPE-LiUPU
_bspa
_cPE-LiUPU
_erda
049 _aPRUA
082 0 4 _a254.1
_bR74F2008
_221
100 1 _aRode, Daniel Julio,
_eautor.
245 1 0 _aFundamentos de crecimiento de iglesia /
_cDaniel Julio Rode.
264 1 _aArgentina :
_bEditorial Universidad Adventista del Plata,
_c2008.
300 _a256 páginas :
_bilustraciones ;
_c22 centímetros
336 _atext
_2rdacontent
337 _aunmediated
_2rdamedia
338 _avolume
_2rdacarrier
500 _a"Logo de la Iglesia Adventista del Séptimo Día", en la cubierta.
504 _aIncluye bibliografía.
505 0 _a¿Qué es crecimiento de iglesia -- Principios de crecimiento de iglesia -- Consideraciones teológicas "A" -- Consideraciones teológicas "B": por qué las iglesias crecen -- Percibiendo las ideas generales -- Unidades homogéneas y contextualización -- Unidades homogéneas, crecimiento entre clases especiales -- Galilea: contextualización desde la periferia -- Unidades homogéneas redención y superación -- Unidades homogéneas, movimiento de pueblos y receptividad-resistencia -- Unidades homogéneas, encuentros de poder.
526 _aSEG42
526 _aSEG41
526 _aSEG40
526 _aSEG39
526 _aP94
526 _aP87
526 _aP86
526 _aP85
526 _aP77
526 _aP76
526 _aP35
650 0 4 _aCrecimiento de iglesia.
650 0 4 _aEvangelismo.
_9953
650 0 4 _aChurch growth.
650 0 4 _aEvangelism.
910 _agl
_bjv
_cjvm,
_d20100413
942 _2ddc
_cBOOK
949 _a254.1 R74F 2008
_wDEWEY
_c1
_i61268
_d2016-11-28
_e2016-11-25
_lCCODEBUL1
_mBUL
_n13
_p15.00
_r0
_sY
_tBOOK
_u2015-7-6
_xTEOLOGIA
_zUNKNOWN
_0COMPRA
_o.STAFF. Colección Teología
994 _aC0
_bPEPRU
596 _a1
999 _a254.1 R74F 2008
_wDEWEY
_c50533
_i61268
_d50533
_e2019-4-9
_f2021-11-10
_g5
_lCCODEBUL1
_mBUL
_n33
_p15.00
_q6
_r0
_sY
_tBOOK
_u2015-7-6
_xTEOLOGIA
_PP35
_0COMPRA
_o.STAFF. Colección Teología
980 _81
_gALBERTO SANCHEZ Responsable de Automatización